Italien : Landschaft und Baukunst /

Hlavní autor: Hielscher, Kurt, 1881-1948
Jazyk: Němčina
Vydáno: Leipzig : F.A. Brockhaus, 1938
Témata:
Fyzický popis: xii, 240 stran : černobílé ilustrace, mapy ; 24 cm
Knihy
Uloženo v:
LEADER 01369nam a22003732i 4500
001 001857312
003 CZ BrMZK
005 20230504105727.0
007 ta
008 230504s1938 gw ab er|||||||||||ger d
020 |q (Vázáno) 
040 |a ABA001  |b cze  |c ABA001  |d LID001  |e rda 
072 7 |a 913(4)  |x Geografie Evropy, reálie, cestování  |2 Konspekt  |9 7 
100 1 |a Hielscher, Kurt,  |d 1881-1948  |7 xx0089323  |4 aut 
245 1 0 |a Italien :  |b Landschaft und Baukunst /  |c Kurt Hielscher 
264 1 |a Leipzig :  |b F.A. Brockhaus,  |c 1938 
300 |a xii, 240 stran :  |b černobílé ilustrace, mapy ;  |c 24 cm 
336 |a text  |b txt  |2 rdacontent 
337 |a bez média  |b n  |2 rdamedia 
338 |a svazek  |b nc  |2 rdacarrier 
500 |a "Schutzumschlag und Einband nach Entwurf von E. Gruner"--Tiráž 
504 |a Obsahuje rejstříky 
562 |a Zprostředkoval Jirka Žid 
650 0 7 |a umění a krajina  |7 ph188879  |2 czenas 
650 0 7 |a architektura  |7 ph118586  |2 czenas 
650 0 7 |a krajina  |7 ph115006  |2 czenas 
650 0 7 |a monumentální stavby  |7 ph265688  |2 czenas 
650 0 7 |a putování  |7 ph899498  |2 czenas 
651 7 |a Itálie  |7 ge129398  |2 czenas 
655 7 |a obrazové publikace  |7 fd132947  |2 czenas 
910 |a BOA001  |b 2-0220.652 
990 |a BK 
991 |b 202305 
996 7 |b 2618752188  |c 2-0220.652  |l MZK  |r Sklad / do 24 hodin  |n 0  |w 001924225  |u 000010  |a 1  |e BOA001  |j MZK50  |s A